000 00634nam a2200217Ia 4500
003 GCL
008 140319s9999 xx 000 0 ara d
040 _aGCL /
_cGCL
082 0 4 _a301.426
_bم ت
100 1 _aمحمد شفيق
245 1 0 _aالتشريعات الاجتماعية ( العمالة الاسرية ) /
_cمحمد شفيق
260 _a[S.N] :
_bالمكتب الجامعى الحديث ،
_c1986
300 _a255 ص
490 _a
650 0 4 _aالاسرة
650 0 4 _aالزواج
650 0 4 _aالاجتماع
650 0 4 _aالخطبة
650 0 4 _aالحقوق الزوجية
942 _2ddc
_cBK
999 _c27708
_d27708